Filosofía del lenguaje: ensayos

Guardat en:
Dades bibliogràfiques
Autor principal: Vossler, Karl (Autor)
Format: Llibre
Idioma:espanyol
Publicat: Buenos Aires Losada 1957
Edició:3a. ed
Matèries:
Etiquetes: Afegir etiqueta
Sense etiquetes, Sigues el primer a etiquetar aquest registre!

MARC

LEADER 00000nam a2200000 a 4500
001 UCR7987
003 CL-VaPUC
008 980519e19570000AG |||||||||||||||||spa|d
082 0 4 |a 401  |b VOS  |2 21 
100 0 |a Vossler, Karl  |e author  |9 409586 
245 1 0 |a Filosofía del lenguaje: ensayos 
250 |a 3a. ed 
300 |a 283 p 
942 |c BK 
945 |d 19980519 00:00:00  |a crobeson 
260 |a Buenos Aires  |b Losada  |c 1957 
650 0 |a Filosofía del lenguaje  |9 257082 
650 0 |a Lingüística  |9 265068 
650 0 |a Gramática comparada y general  |9 313380 
650 0 |a Psicolingüística   |9 283371 
650 0 |a Sociolingüística  |9 263716 
583 |a last modification  |c 19980519 00:00:00  |k Rodrigo Vera 
999 |c 269561  |d 269559 
952 |0 0  |1 0  |4 0  |6 401_000000000000000_VOS_1957  |7 0  |8 A  |9 303324  |a BIBEDU  |b BIBEDU  |d 2019-11-20  |i 2959291  |o 401 VOS 1957  |p 2959291  |r 2019-11-20  |w 2019-11-20  |y BK  |k LIT 
952 |0 0  |1 0  |4 0  |6 401_000000000000000_VOS_1957  |7 0  |8 A  |9 303325  |a BIBEDU  |b BIBEDU  |d 2019-11-20  |i 2864371  |o 401 VOS 1957  |p 2864371  |r 2019-11-20  |w 2019-11-20  |y BK  |k LIT 
952 |0 0  |1 0  |4 0  |6 401_000000000000000_VOS_1957  |7 0  |8 A  |9 303326  |a FDOPOS  |b FDOPOS  |d 2019-11-20  |i 1467964  |o 401 VOS 1957  |p 1467964  |r 2025-01-22  |w 2019-11-20  |y BK  |k MLA 
952 |0 0  |1 0  |4 0  |6 401_000000000000000_VOS_1957  |7 0  |8 A  |9 303327  |a BIBEDU  |b BIBEDU  |d 2019-11-20  |i 3770451  |o 401 VOS 1957  |p 3770451  |r 2019-11-20  |w 2019-11-20  |y BK  |k LIT 
952 |0 0  |1 0  |4 0  |6 401_000000000000000_VOS_1957  |7 0  |8 A  |9 303328  |a BIBEDU  |b BIBEDU  |d 2019-11-20  |i 3815250  |o 401 VOS 1957  |p 3815250  |r 2019-11-20  |w 2019-11-20  |y BK  |k BME 
952 |0 0  |1 0  |4 0  |6 401_000000000000000_VOS_1957  |7 0  |8 A  |9 303329  |a FDOPOS  |b FDOPOS  |d 2019-11-20  |i 4316037  |o 401 VOS 1957  |p 4316037  |r 2025-01-22  |w 2019-11-20  |y BK  |k MLA